[Event "Catalunya-chT"]
[Site "Catalunya"]
[Date "2014.01.25"]
[Round "1.1"]
[White "Dominguez Pons, Eric"]
[Black "Baron Isanta, Jose Maria"]
[Result "1-0"]
[WhiteElo "2335"]
[BlackElo "2320"]
[PlyCount "42"]
[EventDate "2014.01.25"]
[EventType "team"]
[EventRounds "11"]
[EventCountry "ESP"]
[SourceTitle "CBM 158 Extra"]
[Source "ChessBase"]
[SourceDate "2014.02.28"]
[SourceVersion "1"]
[SourceVersionDate "2014.02.28"]
[SourceQuality "1"]
[WhiteTeam "Sant Andreu"]
[BlackTeam "Cerdanyola Valles"]
[WhiteTeamCountry "ESP"]
[BlackTeamCountry "ESP"]

1. e4 c5 2. Nf3 e6 3. d4 cxd4 4. Nxd4 Nf6 5. Bd3 d5 6. e5 Nfd7 7. Nxe6 Bb4+ 8. c3 fxe6 9. Qh5+ Kf8 10. cxb4 Nc6 11. Bf4 Qe7 12. a3 Qf7 13. Qh4 Ke8 14. 0-0 Ndxe5 15. Bxe5 Nxe5 16. Bb5+ Bd7 17. Nc3 Qf6 18. Qg3 a6 19. Bxd7+ Kxd7 20. Rfe1 Nc4 21. Na4 Ke8 1-0

[Event "Catalunya-chT Honor"]
[Site "Catalunya"]
[Date "2013.03.16"]
[Round "9.3"]
[White "Fernandez Aguado, Enrique"]
[Black "Baron Isanta, Jose Maria"]
[Result "1/2-1/2"]
[WhiteElo "2360"]
[BlackElo "2356"]
[PlyCount "78"]
[EventDate "2013.01.19"]
[EventType "team-tourn"]
[EventRounds "11"]
[EventCountry "ESP"]
[SourceTitle "EXT 2014"]
[Source "ChessBase"]
[SourceDate "2013.11.20"]
[SourceVersion "1"]
[SourceVersionDate "2013.11.20"]
[SourceQuality "1"]
[WhiteTeam "Sitges"]
[BlackTeam "Cerdanyola Valles"]
[WhiteTeamCountry "ESP"]
[BlackTeamCountry "ESP"]

1. d4 Nf6 2. c4 g6 3. Nc3 Bg7 4. e4 d6 5. f3 0-0 6. Bg5 c5 7. Nge2 cxd4 8. Nxd4 Nc6 9. Nc2 Nd7 10. Qd2 Nc5 11. Be2 f5 12. exf5 Bxf5 13. Ne3 Qa5 14. 0-0 Na4 15. Qd5+ Qxd5 16. cxd5 Nxc3 17. bxc3 Na5 18. Rac1 Rac8 19. Bb5 Rc7 20. Rfe1 a6 21. Bf1 Rxc3 22. Nxf5 Rxf5 23. Bxe7 Rxc1 24. Rxc1 Rxd5 25. Bd8 Bd4+ 26. Kh1 Kf8 27. Rc8 Kg7 28. g4 Nc6 29. Rc7+ Kf8 30. Bh4 Ne5 31. Rxb7 Bc5 32. Bxa6 Rd1+ 33. Kg2 Rd2+ 34. Kh3 Rxa2 35. Be7+ Kg8 36. f4 Ra3+ 37. Kg2 Ra2+ 38. Kh3 Ra3+ 39. Kg2 Ra2+ 1/2-1/2

[Event "Catalunya-chT Honor"]
[Site "Catalunya"]
[Date "2013.02.09"]
[Round "4.3"]
[White "Baron Isanta, Jose Maria"]
[Black "Aloma Vidal, Roberto"]
[Result "0-1"]
[WhiteElo "2356"]
[BlackElo "2389"]
[PlyCount "76"]
[EventDate "2013.01.19"]
[EventType "team-tourn"]
[EventRounds "11"]
[EventCountry "ESP"]
[SourceTitle "CBM 152 Extra"]
[Source "ChessBase"]
[SourceDate "2013.02.25"]
[SourceVersion "1"]
[SourceVersionDate "2013.02.25"]
[SourceQuality "1"]
[WhiteTeam "Cerdanyola Valles"]
[BlackTeam "Montcada"]
[WhiteTeamCountry "ESP"]
[BlackTeamCountry "ESP"]

1. e4 c5 2. c3 d5 3. exd5 Qxd5 4. d4 Nc6 5. Nf3 Bf5 6. dxc5 Qxd1+ 7. Kxd1 0-0-0+ 8. Ke1 e5 9. Be3 Nf6 10. Bb5 Nd5 11. Bxc6 bxc6 12. Nxe5 Bxc5 13. Nxf7 Bxe3 14. fxe3 Nxe3 15. Nxd8 Nc2+ 16. Kf2 Rxd8 17. Na3 Nxa1 18. Rxa1 Rd2+ 19. Ke3 Rxg2 20. Rf1 Be6 21. Rf2 Rxf2 22. Kxf2 Bxa2 23. Ke3 Kd7 24. Kd4 Kd6 25. b4 g5 26. Nc2 h5 27. Ne3 Be6 28. c4 c5+ 29. bxc5+ Kc6 30. Nd5 a5 31. Nb6 Bg4 32. Nd5 Bd1 33. Ne7+ Kd7 34. Nd5 h4 35. Nc3 Bf3 36. Ke5 Kc6 37. Kd4 g4 38. Na4 g3 0-1

[Event "Catalunya-chT Honor"]
[Site "Catalunya"]
[Date "2013.01.26"]
[Round "2.2"]
[White "Baron Isanta, Jose Maria"]
[Black "Alonso Moyano, Jonathan"]
[Result "0-1"]
[WhiteElo "2356"]
[BlackElo "2409"]
[PlyCount "68"]
[EventDate "2013.01.19"]
[EventType "team-tourn"]
[EventRounds "11"]
[EventCountry "ESP"]
[SourceTitle "CBM 152 Extra"]
[Source "ChessBase"]
[SourceDate "2013.02.25"]
[SourceVersion "1"]
[SourceVersionDate "2013.02.25"]
[SourceQuality "1"]
[WhiteTeam "Cerdanyola Valles"]
[BlackTeam "Barbera"]
[WhiteTeamCountry "ESP"]
[BlackTeamCountry "ESP"]

1. Nf3 f5 2. b3 Nf6 3. Bb2 e6 4. c4 b6 5. g3 Bb7 6. Bg2 c5 7. 0-0 Be7 8. d4 cxd4 9. Nxd4 Bxg2 10. Kxg2 0-0 11. Nc3 Qc8 12. e3 Nc6 13. Kg1 a6 14. Rc1 Qb7 15. Qf3 Rab8 16. Nxc6 dxc6 17. Rfd1 c5 18. Qxb7 Rxb7 19. Ne2 g5 20. Rc2 Rd8 21. Rxd8+ Bxd8 22. Rd2 Rd7 23. Rxd7 Nxd7 24. h3 b5 25. cxb5 axb5 26. Nc3 Bf6 27. a4 c4 28. axb5 cxb3 29. Na4 Nb6 30. Nxb6 Bxb2 31. Nc4 Bc3 32. b6 b2 33. Nxb2 Bxb2 34. f4 Ba3 0-1

[Event "Catalunya-chT"]
[Site "Catalunya"]
[Date "2012.04.21"]
[Round "11.3"]
[White "Baron Isanta, Jose Maria"]
[Black "Pomes Marcet, Juan"]
[Result "1/2-1/2"]
[WhiteElo "2354"]
[BlackElo "2347"]
[PlyCount "32"]
[EventDate "2012.01.28"]
[EventType "team-tourn"]
[EventRounds "11"]
[EventCountry "ESP"]
[SourceTitle "EXT 2013"]
[Source "ChessBase"]
[SourceDate "2012.11.22"]
[SourceVersion "1"]
[SourceVersionDate "2012.11.22"]
[SourceQuality "1"]
[WhiteTeam "Cerdanyola Valles"]
[BlackTeam "Terrassa"]
[WhiteTeamCountry "ESP"]
[BlackTeamCountry "ESP"]

1. e4 e6 2. d4 d5 3. Nd2 dxe4 4. Nxe4 Nd7 5. Nf3 Ngf6 6. Bd3 Nxe4 7. Bxe4 Nf6 8. Bg5 Qd6 9. Bd3 Qb4+ 10. Bd2 Qxb2 11. 0-0 Qa3 12. Ne5 Qd6 13. Bf4 Qd8 14. Qf3 c6 15. Rad1 Be7 16. g4 0-0 1/2-1/2

[Event "Catalunya-chT"]
[Site "Catalunya"]
[Date "2012.03.10"]
[Round "7.2"]
[White "Gonzalez Garcia, Jose"]
[Black "Baron Isanta, Jose Maria"]
[Result "1-0"]
[WhiteElo "2529"]
[BlackElo "2354"]
[PlyCount "71"]
[EventDate "2012.01.28"]
[EventType "team-tourn"]
[EventRounds "11"]
[EventCountry "ESP"]
[SourceTitle "EXT 2013"]
[Source "ChessBase"]
[SourceDate "2012.11.22"]
[SourceVersion "1"]
[SourceVersionDate "2012.11.22"]
[SourceQuality "1"]
[WhiteTeam "Badalona Sant Josep"]
[BlackTeam "Cerdanyola Valles"]
[WhiteTeamCountry "ESP"]
[BlackTeamCountry "ESP"]

1. d4 g6 2. e4 Bg7 3. Nf3 d6 4. c3 Nf6 5. Bd3 0-0 6. 0-0 Nbd7 7. Re1 e5 8. Bg5 h6 9. Bh4 Qe8 10. Na3 a6 11. Nc4 b6 12. dxe5 dxe5 13. Nfd2 Nh5 14. f3 Nf4 15. Bf1 Bf6 16. Bf2 Nb8 17. b4 Bd7 18. a4 Nc6 19. Qc2 Nd8 20. a5 b5 21. Ne3 Be6 22. Rad1 Kg7 23. Nb3 Bxb3 24. Qxb3 Qe6 25. c4 c6 26. Qc2 Be7 27. Qc3 Nb7 28. cxb5 cxb5 29. Nd5 Rac8 30. Nxf4 Rxc3 31. Nxe6+ fxe6 32. Rd7 Rf7 33. Rxb7 Bxb4 34. Rb6 Rc2 35. Rb1 Rxf2 36. Rxb4 1-0

[Event "Catalunya-chT"]
[Site "Catalunya"]
[Date "2012.01.28"]
[Round "1.3"]
[White "Fluvia Poyatos, Jordi"]
[Black "Baron Isanta, Jose Maria"]
[Result "1-0"]
[WhiteElo "2470"]
[BlackElo "2354"]
[PlyCount "61"]
[EventDate "2012.01.28"]
[EventType "team-tourn"]
[EventRounds "11"]
[EventCountry "ESP"]
[SourceTitle "EXT 2013"]
[Source "ChessBase"]
[SourceDate "2012.11.22"]
[SourceVersion "1"]
[SourceVersionDate "2012.11.22"]
[SourceQuality "1"]
[WhiteTeam "Barcelona Uga"]
[BlackTeam "Cerdanyola Valles"]
[WhiteTeamCountry "ESP"]
[BlackTeamCountry "ESP"]

1. e4 d6 2. d4 Nf6 3. Nc3 c6 4. Nf3 g6 5. Be3 Qb6 6. Qc1 Bg7 7. h3 0-0 8. Bd3 Re8 9. 0-0 Qc7 10. e5 Nd5 11. exd6 exd6 12. Nxd5 cxd5 13. Bh6 Nc6 14. c3 Qe7 15. Re1 Be6 16. Bg5 f6 17. Bf4 Qd7 18. Bg3 Rad8 19. Qf4 g5 20. Qd2 Bf8 21. Qc2 Rc8 22. Re2 Re7 23. Rae1 Nb4 24. Bxh7+ Rxh7 25. Qg6+ Rg7 26. Qxf6 Bf5 27. Nxg5 Rg6 28. Nh7 Kxh7 29. Re7+ Bg7 30. Qh4+ Rh6 31. Qg5 1-0

[Event "Catalunya-chT"]
[Site "Barcelona"]
[Date "2011.02.12"]
[Round "3"]
[White "Gual Pascual, Antonio"]
[Black "Baron Isanta, Jose Maria"]
[Result "1-0"]
[WhiteElo "2449"]
[BlackElo "2363"]
[PlyCount "47"]
[EventDate "2011.01.29"]
[EventType "team-tourn"]
[EventRounds "11"]
[EventCountry "ESP"]
[SourceTitle "EXT 2012"]
[Source "ChessBase"]
[SourceDate "2011.11.24"]
[SourceVersion "1"]
[SourceVersionDate "2011.11.24"]
[SourceQuality "1"]
[WhiteTeam "Barcelona Escola Escacs"]
[BlackTeam "Cerdanyola Valles"]
[WhiteTeamCountry "ESP"]
[BlackTeamCountry "ESP"]

1. d4 d6 2. e4 Nf6 3. Nc3 c6 4. Bg5 Qb6 5. Qd2 Qxb2 6. Rb1 Qa3 7. Nf3 h6 8. Bxf6 exf6 9. Bc4 Qa5 10. 0-0 Be7 11. Qe3 0-0 12. Ne2 Nd7 13. Nf4 Nb6 14. Bd3 Re8 15. c4 Bd8 16. Qc1 Rb8 17. Rb3 Bg4 18. Nd2 Bd7 19. Bb1 Nc8 20. Rg3 Ne7 21. Nb3 Qc7 22. Nh5 Ng6 23. f4 f5 24. exf5 1-0

[Event "Catalunya-chT Honor"]
[Site "Catalunya"]
[Date "2009.03.22"]
[Round "8"]
[White "Pomes Marcet, Juan"]
[Black "Baron Isanta, Jose Maria"]
[Result "1/2-1/2"]
[WhiteElo "2384"]
[BlackElo "2360"]
[PlyCount "57"]
[EventDate "2009.02.01"]
[EventType "team-tourn"]
[EventRounds "9"]
[EventCountry "ESP"]
[SourceTitle "EXT 2019"]
[Source "ChessBase"]
[SourceDate "2018.10.10"]
[SourceVersion "1"]
[SourceVersionDate "2018.10.10"]
[SourceQuality "1"]
[WhiteTeam "Terrassa"]
[BlackTeam "Cerdanyola Valles"]
[WhiteTeamCountry "ESP"]
[BlackTeamCountry "ESP"]

1. d4 Nf6 2. c4 g6 3. Nc3 Bg7 4. e4 d6 5. Bd3 0-0 6. Nge2 Nc6 7. 0-0 Nd7 8. Bc2 e5 9. dxe5 Ndxe5 10. b3 f5 11. f4 Ng4 12. exf5 Bxf5 13. Bxf5 Rxf5 14. h3 Nh6 15. Be3 Rf8 16. Qd2 Nf5 17. Bf2 Qf6 18. Nd5 Qf7 19. Rae1 Rac8 20. Nec3 Nfe7 21. Nxe7+ Nxe7 22. Bd4 Bxd4+ 23. Qxd4 Nc6 24. Qd2 Rfe8 25. Ne4 Qg7 26. Qd5+ Kh8 27. Kh2 Qd4 28. Qxd4+ Nxd4 29. Nc3 1/2-1/2

[Event "Capablanca Memorial Mixto 38th"]
[Site "Havana"]
[Date "2003.05.18"]
[Round "13"]
[White "Pina Vega, Sulennis"]
[Black "Baron Isanta, Jose Maria"]
[Result "1-0"]
[WhiteElo "2291"]
[BlackElo "2299"]
[PlyCount "63"]
[EventDate "2003.05.06"]
[EventType "tourn"]
[EventRounds "13"]
[EventCountry "CUB"]
[EventCategory "1"]
[SourceTitle "CBM 094 Extra"]
[Source "ChessBase"]
[SourceDate "2003.07.09"]
[SourceVersion "2"]
[SourceVersionDate "2003.07.09"]
[SourceQuality "1"]

1. e4 c5 2. Nf3 e6 3. d3 Nc6 4. g3 Nge7 5. Bg2 g6 6. Be3 Bg7 7. c3 b6 8. h4 h6 9. d4 cxd4 10. Nxd4 0-0 11. 0-0 Bb7 12. f4 d5 13. e5 Nxd4 14. cxd4 Nf5 15. Bf2 Qe7 16. Nc3 Rfc8 17. h5 Rc4 18. a3 Bf8 19. Bf3 Rac8 20. Be2 Rxc3 21. bxc3 Rxc3 22. Bd3 Rxa3 23. g4 Ng7 24. hxg6 fxg6 25. Rxa3 Qxa3 26. Bxg6 Bb4 27. Qd3 Qa2 28. Qb5 Ba6 29. Qxb4 Qe2 30. Ra1 Qxg4+ 31. Kh2 Be2 32. Qd2 1-0

[Event "Capablanca Memorial Mixto 38th"]
[Site "Havana"]
[Date "2003.05.08"]
[Round "3"]
[White "Lucena, Lincoln"]
[Black "Baron Isanta, Jose Maria"]
[Result "0-1"]
[WhiteElo "2193"]
[BlackElo "2299"]
[PlyCount "66"]
[EventDate "2003.05.06"]
[EventType "tourn"]
[EventRounds "13"]
[EventCountry "CUB"]
[EventCategory "1"]
[SourceTitle "CBM 094 Extra"]
[Source "ChessBase"]
[SourceDate "2003.07.09"]
[SourceVersion "2"]
[SourceVersionDate "2003.07.09"]
[SourceQuality "1"]

1. c4 g6 2. Nf3 Bg7 3. Nc3 c5 4. g3 Nc6 5. Bg2 e5 6. a3 a5 7. 0-0 Nge7 8. d3 0-0 9. Rb1 Rb8 10. Nd2 d6 11. Nb5 f5 12. Nf3 h6 13. Bd2 Be6 14. h4 Qd7 15. Nc3 b6 16. Qc1 Kh7 17. Ne1 d5 18. cxd5 Nxd5 19. Nxd5 Bxd5 20. Bxd5 Qxd5 21. Qc4 Qxc4 22. dxc4 Nd4 23. e3 Nb3 24. Bc3 e4 25. Bxg7 Kxg7 26. Rd1 Rfd8 27. Ng2 Nd2 28. Nf4 Kf7 29. Nd5 Nxf1 30. Rxf1 b5 31. b3 bxc4 32. bxc4 Rb3 33. Rc1 a4 0-1

[Event "Capablanca Memorial Mixto 38th"]
[Site "Havana"]
[Date "2003.05.06"]
[Round "1"]
[White "Baron Isanta, Jose Maria"]
[Black "Collazo Hidalgo Gato, Niala"]
[Result "1/2-1/2"]
[WhiteElo "2299"]
[BlackElo "2204"]
[PlyCount "53"]
[EventDate "2003.05.06"]
[EventType "tourn"]
[EventRounds "13"]
[EventCountry "CUB"]
[EventCategory "1"]
[SourceTitle "CBM 094 Extra"]
[Source "ChessBase"]
[SourceDate "2003.07.09"]
[SourceVersion "2"]
[SourceVersionDate "2003.07.09"]
[SourceQuality "1"]

1. e4 c5 2. c3 d5 3. exd5 Qxd5 4. d4 Nf6 5. Nf3 Bg4 6. Be2 e6 7. h3 Bh5 8. 0-0 Nc6 9. Be3 cxd4 10. Nxd4 Bxe2 11. Qxe2 Nxd4 12. Bxd4 Be7 13. Rd1 Qc6 14. Nd2 0-0 15. Re1 b6 16. Rad1 Nd5 17. Nf3 Rad8 18. g3 Bc5 19. Qe4 Bxd4 20. Rxd4 Qc5 21. Red1 Nf6 22. Qe5 Rd5 23. Rxd5 exd5 24. Nd4 Re8 25. Qf5 Qc4 26. a3 a6 27. Kg2 1/2-1/2

[Event "Catalunya-chT"]
[Site "Barcelona"]
[Date "2002.??.??"]
[Round "1"]
[White "Baron Isanta, Jose Maria"]
[Black "Narciso Dublan, Marc"]
[Result "0-1"]
[WhiteElo "2375"]
[BlackElo "2555"]
[PlyCount "70"]
[EventDate "2002.??.??"]
[EventType "team"]
[EventRounds "9"]
[EventCountry "ESP"]
[SourceTitle "EXT 2008"]
[Source "ChessBase"]
[SourceDate "2007.11.25"]
[SourceVersion "1"]
[SourceVersionDate "2007.11.25"]
[SourceQuality "1"]

1. e4 d6 2. d4 Nf6 3. f3 d5 4. e5 Nfd7 5. f4 c5 6. c3 Nc6 7. Nf3 cxd4 8. Nxd4 e6 9. Be3 Bc5 10. Nd2 0-0 11. Bd3 Qe7 12. 0-0 f6 13. exf6 Nxf6 14. Qe2 Bd7 15. Rae1 Rae8 16. N2f3 Bd6 17. Bd2 Qd8 18. Kh1 Nxd4 19. cxd4 Qb6 20. Be3 a6 21. Ne5 Bb5 22. Bxb5 Qxb5 23. Qxb5 axb5 24. Rc1 b4 25. Rc2 Ra8 26. b3 Ra6 27. Bd2 Ne4 28. Nd3 Rfa8 29. Ra1 Ra3 30. Nc5 Bxc5 31. dxc5 Rxb3 32. Be1 Ra4 33. g3 Re3 34. Kg2 b3 35. Rb2 Rxa2 0-1

[Event "Santpedor op 5th"]
[Site "Santpedor"]
[Date "2001.??.??"]
[Round "4"]
[White "Baron Isanta, Jose Maria"]
[Black "Armengol Morte, David"]
[Result "1-0"]
[WhiteElo "2390"]
[BlackElo "1990"]
[PlyCount "71"]
[EventDate "2001.09.14"]
[EventType "swiss"]
[EventRounds "7"]
[EventCountry "ESP"]
[SourceTitle "EXT 2003"]
[Source "ChessBase"]
[SourceDate "2002.11.25"]
[SourceVersion "1"]
[SourceVersionDate "2002.11.25"]
[SourceQuality "1"]

1. e4 Nf6 2. e5 Nd5 3. d4 d6 4. Nf3 Bg4 5. Be2 e6 6. 0-0 Be7 7. h3 Bh5 8. c4 Nb6 9. Nc3 Nc6 10. exd6 cxd6 11. d5 exd5 12. cxd5 Bxf3 13. Bxf3 Ne5 14. Be2 0-0 15. Qb3 Rc8 16. a4 a5 17. Rd1 Qc7 18. Be3 Nbd7 19. Rac1 Qb8 20. f4 Ng6 21. g3 Nc5 22. Qa3 Rfe8 23. Bb5 Red8 24. Bd4 f5 25. Re1 Rc7 26. b4 axb4 27. Qxb4 Rdc8 28. Rb1 Bf8 29. Bf1 Rf7 30. a5 Be7 31. a6 Bd8 32. Re8+ Nf8 33. Qa3 b6 34. Nb5 Bf6 35. a7 Bxd4+ 36. Nxd4 1-0

[Event "Catalunya-chT"]
[Site "Spain"]
[Date "1999.??.??"]
[Round "9"]
[White "Baron Isanta, Jose Maria"]
[Black "Comas Fabrego, Luis"]
[Result "0-1"]
[WhiteElo "2375"]
[BlackElo "2560"]
[PlyCount "106"]
[EventDate "1999.??.??"]
[EventType "team"]
[EventRounds "9"]
[EventCountry "ESP"]
[SourceTitle "EXT 2000"]
[Source "ChessBase"]
[SourceDate "1999.11.16"]
[SourceVersion "1"]
[SourceVersionDate "1999.11.16"]
[SourceQuality "1"]

1. e4 c5 2. c3 e6 3. d4 d5 4. exd5 exd5 5. Nf3 Nc6 6. Be3 c4 7. b3 cxb3 8. axb3 Bd6 9. Bd3 Nge7 10. 0-0 Bf5 11. Bxf5 Nxf5 12. Bg5 f6 13. Re1+ Kf7 14. Nh4 Qd7 15. Qf3 Nfe7 16. g3 h5 17. Ng2 Qf5 18. Qxf5 Nxf5 19. Bf4 Bf8 20. h4 Be7 21. Ne3 Nxe3 22. Bxe3 a5 23. Na3 Bxa3 24. Rxa3 Rhd8 25. Rea1 b5 26. Kf1 Ke6 27. Ke2 Kf5 28. Rh1 Re8 29. Raa1 Rab8 30. Kf3 Rec8 31. Rhc1 Ra8 32. Ra2 Ra6 33. Raa1 Rb8 34. Ra2 Rc8 35. Ra3 Nd8 36. Bd2 Nf7 37. Rca1 Rca8 38. R3a2 Nd6 39. Be1 a4 40. Ra3 R6a7 41. Rb1 g5 42. hxg5 fxg5 43. Bd2 Ne4 44. Be1 Ra6 45. bxa4 Rxa4 46. Rab3 Nd6 47. Bd2 Ra2 48. Be3 Nc4 49. Bc1 Rf8 50. Rxb5 Ke6+ 51. Kg2 Raxf2+ 52. Kh3 g4+ 53. Kh4 R8f5 0-1